000 00629nam a2200193 a 4500
001 000016563
005 20250409122709.0
008 100308s1984 dr a 000 0 spa d
040 _aDO-SdBNP
_bspa
_cBNPHU
082 _axxx
_bS677d
100 1 _aSobá, José G.
_936821
245 1 3 _aLa destrucción de las células malignas, no es la terapéutica más racional y efectiva en cancerología /
_cJosé G. Sobá.
260 _aSanto Domingo :
_bUCE,
_c1984.
300 _a55 p. :
_bil.
_b23 cm.
490 1 _aCientífica
_v11
710 1 _aUniversidad Central del Este
_937229
830 0 _aCientífica
_n11
_936822
049 _aBNPD
999 _c16096
_d16096